| 000 | 00520nam a2200169 4500 | ||
|---|---|---|---|
| 001 | 137169 | ||
| 003 | ES-MaACL | ||
| 005 | 20230906195326.0 | ||
| 007 | t| | ||
| 008 | 070214s1958 ag r ||||1| spa d | ||
| 100 | 1 |
_aSalvadori, Massino. _9102106 |
|
| 245 | 1 | 0 |
_aOTAN _b: la comunidad del Atlántico Norte / _cMassino Salvadori ; traducción de Hebe Hernando. |
| 260 |
_aBuenos Aires : _bEd. Agora, _c1958. |
||
| 300 |
_a207 p. ; _c20 cm. |
||
| 700 | 1 |
_aHernando, Hebe. _963087 |
|
| 852 |
_aES-MaACL _jC-25041 _bR.53562 |
||
| 999 |
_c137169 _d137169 |
||